<?xml version="1.0" encoding="UTF-8"?>
<record
    xmlns:xsi="http://www.w3.org/2001/XMLSchema-instance"
    xsi:schemaLocation="http://www.loc.gov/MARC21/slim http://www.loc.gov/standards/marcxml/schema/MARC21slim.xsd"
    xmlns="http://www.loc.gov/MARC21/slim">

  <leader>01895nam a2200277 a 4500</leader>
  <controlfield tag="001">000057943</controlfield>
  <controlfield tag="005">20200120223829.0</controlfield>
  <controlfield tag="008">090707s2012    ck     gr|    0 0 | spa d</controlfield>
  <datafield tag="020" ind1=" " ind2=" ">
    <subfield code="a">9789585710320</subfield>
  </datafield>
  <datafield tag="041" ind1="0" ind2=" ">
    <subfield code="a">|spa</subfield>
  </datafield>
  <datafield tag="043" ind1=" " ind2=" ">
    <subfield code="a">s-ck---</subfield>
  </datafield>
  <datafield tag="090" ind1=" " ind2=" ">
    <subfield code="a">AN</subfield>
    <subfield code="b">GARcr 2012</subfield>
  </datafield>
  <datafield tag="100" ind1="0" ind2=" ">
    <subfield code="a">Garc&#xED;a M&#xE1;rquez, Gabriel</subfield>
  </datafield>
  <datafield tag="245" ind1="1" ind2="0">
    <subfield code="a">Cr&#xF3;nica de una muerte anunciada /</subfield>
    <subfield code="c">Gabriel Garc&#xED;a M&#xE1;rquez.</subfield>
  </datafield>
  <datafield tag="250" ind1=" " ind2=" ">
    <subfield code="a">1a. ed.</subfield>
  </datafield>
  <datafield tag="260" ind1=" " ind2=" ">
    <subfield code="a">Bogot&#xE1; :</subfield>
    <subfield code="b">Norma,</subfield>
    <subfield code="c">2012.</subfield>
  </datafield>
  <datafield tag="300" ind1=" " ind2=" ">
    <subfield code="a">91 p.</subfield>
  </datafield>
  <datafield tag="490" ind1=" " ind2=" ">
    <subfield code="a">Gabriel Garc&#xED;a M&#xE1;rquez Para Todos</subfield>
  </datafield>
  <datafield tag="500" ind1=" " ind2=" ">
    <subfield code="a">Ej.1 Biblioteca Chical&#xE1;. Norma 2012</subfield>
  </datafield>
  <datafield tag="520" ind1="3" ind2=" ">
    <subfield code="a">"Acaso sea Cr&#xF3;nica de una muerte anunciada la obra m&#xE1;s &#xAB;realista&#xBB; de Gabriel Garc&#xED;a M&#xE1;rquez, pues se basa en un hecho hist&#xF3;rico acontecido en la tierra natal de escritor. Cuando empieza la novela, ya se saber que los hermanos Vicario van a matara a Santiago Nasar -de hecho ya le han matado- para vengar el honor ultrajado de su hermana &#xC1;ngela, pero el relato termina precisamente en el momento en que Santiago Nasar. El tiempo c&#xED;clico, tan utilizado por Garc&#xED;a M&#xE1;rquez en sus obras, reaparece aqu&#xED; minuciosamente descompuesto en cada uno de sus momentos, reconstruido prolija y exactamente por el narrador, que va dando cuenta de lo que sucedi&#xF3; mucho tiempo atr&#xE1;s, que avanza y retrocede en su relato y hasta llega mucho tiempo despu&#xE9;s para contar el destino de los supervivientes. La acci&#xF3;n es, a un tiempo, colectiva y personal, clara y ambigua, y atrapa al lector desde un principio, a pesar de que conoce el desenlace de la trama. La dial&#xE9;ctica entre mito y realidad se ve potenciada aqu&#xED;, una vez m&#xE1;s, por una prosa tan cargada de fascinaci&#xF3;n que las eleva hasta las fronteras de la leyenda."</subfield>
  </datafield>
  <datafield tag="650" ind1="1" ind2="4">
    <subfield code="a">Novela adulto</subfield>
  </datafield>
  <datafield tag="650" ind1="2" ind2="4">
    <subfield code="a">Literatura adulto</subfield>
  </datafield>
  <datafield tag="650" ind1="2" ind2="4">
    <subfield code="a">Literatura colombiana</subfield>
  </datafield>
  <datafield tag="650" ind1="2" ind2="4">
    <subfield code="a">Muerte en la literatura</subfield>
  </datafield>
  <datafield tag="650" ind1="2" ind2="4">
    <subfield code="a">Asesinato en la literatura</subfield>
  </datafield>
  <datafield tag="999" ind1=" " ind2=" ">
    <subfield code="c">7201</subfield>
    <subfield code="d">7201</subfield>
  </datafield>
  <datafield tag="952" ind1=" " ind2=" ">
    <subfield code="0">0</subfield>
    <subfield code="1">1</subfield>
    <subfield code="2">ddc</subfield>
    <subfield code="4">0</subfield>
    <subfield code="7">0</subfield>
    <subfield code="8">LA</subfield>
    <subfield code="a">BPMOS</subfield>
    <subfield code="b">BPMOS</subfield>
    <subfield code="d">2020-01-20</subfield>
    <subfield code="i">118601</subfield>
    <subfield code="l">1</subfield>
    <subfield code="o">AN GARcr 2012</subfield>
    <subfield code="p">MOS012732</subfield>
    <subfield code="r">2021-02-24</subfield>
    <subfield code="s">2021-02-24</subfield>
    <subfield code="t">ej.2</subfield>
    <subfield code="w">2020-01-20</subfield>
    <subfield code="y">BKLIT</subfield>
    <subfield code="z">Quince d&#xED;as</subfield>
  </datafield>
  <datafield tag="952" ind1=" " ind2=" ">
    <subfield code="0">0</subfield>
    <subfield code="1">0</subfield>
    <subfield code="2">ddc</subfield>
    <subfield code="4">0</subfield>
    <subfield code="7">0</subfield>
    <subfield code="8">LA</subfield>
    <subfield code="a">MUS</subfield>
    <subfield code="b">MUS</subfield>
    <subfield code="d">2020-01-20</subfield>
    <subfield code="l">0</subfield>
    <subfield code="o">AN GARc</subfield>
    <subfield code="p">MUS000318</subfield>
    <subfield code="r">2021-05-12</subfield>
    <subfield code="t">ej.1</subfield>
    <subfield code="w">2020-01-20</subfield>
    <subfield code="y">BKLIT</subfield>
    <subfield code="z">Quince d&#xED;as</subfield>
  </datafield>
</record>
